[Event "Deutsche Ländermeisterschaft 2021"]
[Site "Neumünster GER"]
[Date "2021.10.03"]
[Round "3"]
[White "Stelmaszyk, Nico"]
[Black "Costa, Leonardo"]
[Result "0-1"]
[Termination "normal"]
[Board "1.1"]
[WhiteTitle "FM"]
[BlackTitle "FM"]
[WhiteElo "2311"]
[BlackElo "2336"]
[WhiteClock "00:03:43"]
[BlackClock "00:09:50"]
[WhiteTeam "Niedersachsen"]
[BlackTeam "Bayern"]
[PlyCount "118"]
[WhiteFideId "16200462"]
[BlackFideId "16213955"]
[EventCountry "GER"]
[EventRounds "7"]
[EventType "team-swiss"]
[EventDate "2021.10.01"]

1. e4 {[%clk 1:30:59]} c6 {[%clk 1:30:56]} 2. Nf3 {[%clk 1:30:50]} d5 {[%clk
1:31:21]} 3. d3 {[%clk 1:31:16]} dxe4 {[%clk 1:31:26]} 4. dxe4 {[%clk 1:31:34]}
Qxd1+ {[%clk 1:31:51]} 5. Kxd1 {[%clk 1:31:58]} Nf6 {[%clk 1:31:17]} 6. Nc3
{[%clk 1:28:21]} Bg4 {[%clk 1:26:41]} 7. Be2 {[%clk 1:28:31]} Nbd7 {[%clk
1:26:42]} 8. Ne1 {[%clk 1:25:48]} Bxe2+ {[%clk 1:15:20]} 9. Kxe2 {[%clk
1:26:11]} Nc5 {[%clk 1:11:56]} 10. f3 {[%clk 1:24:06]} e5 {[%clk 1:10:56]} 11.
Be3 {[%clk 1:20:21]} Nfd7 {[%clk 1:09:28]} 12. Rd1 {[%clk 1:13:48]} Ne6 {[%clk
1:03:09]} 13. Nd3 {[%clk 1:05:20]} Be7 {[%clk 0:56:37]} 14. Rd2 {[%clk
0:58:31]} O-O-O {[%clk 0:47:25]} 15. Rhd1 {[%clk 0:49:42]} Bg5 {[%clk 0:46:51]}
16. Bxg5 {[%clk 0:43:13]} Nxg5 {[%clk 0:47:09]} 17. Ke3 {[%clk 0:33:56]} Ne6
{[%clk 0:43:51]} 18. Ne2 {[%clk 0:33:33]} a5 {[%clk 0:40:37]} 19. a4 {[%clk
0:28:55]} f6 {[%clk 0:36:45]} 20. b3 {[%clk 0:26:46]} Ndc5 {[%clk 0:35:43]} 21.
Nec1 {[%clk 0:17:16]} Nxd3 {[%clk 0:21:02]} 22. Nxd3 {[%clk 0:16:44]} Nd4
{[%clk 0:20:28]} 23. Rb1 {[%clk 0:14:58]} Kc7 {[%clk 0:19:16]} 24. c3 {[%clk
0:13:08]} Ne6 {[%clk 0:19:40]} 25. b4 {[%clk 0:11:23]} axb4 {[%clk 0:15:27]}
26. cxb4 {[%clk 0:09:19]} Rd4 {[%clk 0:14:29]} 27. Rc2 {[%clk 0:08:47]} Rhd8
{[%clk 0:12:07]} 28. Rc3 {[%clk 0:08:47]} g5 {[%clk 0:11:06]} 29. g3 {[%clk
0:08:08]} R8d6 {[%clk 0:05:53]} 30. a5 {[%clk 0:07:28]} Kb8 {[%clk 0:02:15]}
31. Rh1 {[%clk 0:07:35]} Nc7 {[%clk 0:01:33]} 32. h4 {[%clk 0:06:27]} Nb5 33.
Rb3 {[%clk 0:06:50]} g4 {[%clk 0:02:08]} 34. fxg4 {[%clk 0:04:19]} Rc4 {[%clk
0:02:33]} 35. Nc5 {[%clk 0:01:58]} Nd4 {[%clk 0:02:14]} 36. Rb2 {[%clk
0:01:25]} Nc2+ {[%clk 0:01:43]} 37. Kf3 {[%clk 0:01:13]} Rd2 {[%clk 0:01:34]}
38. Na4 {[%clk 0:00:37]} Nd4+ {[%clk 0:01:51]} 39. Ke3 {[%clk 0:01:06]} Rxb2
{[%clk 0:02:08]} 40. Nxb2 {[%clk 0:01:34]} Rxb4 {[%clk 0:00:42]} 41. Nd3 {[%clk
0:01:41]} Rb3 {[%clk 0:28:42]} 42. Rf1 {[%clk 0:28:06]} c5 {[%clk 0:25:43]} 43.
Rc1 {[%clk 0:23:42]} Ne6 {[%clk 0:23:13]} 44. Kd2 {[%clk 0:10:21]} Rb5 {[%clk
0:22:15]} 45. Rf1 {[%clk 0:08:47]} c4 {[%clk 0:20:03]} 46. Rxf6 {[%clk
0:07:03]} Nd4 {[%clk 0:20:29]} 47. Nf2 {[%clk 0:06:01]} Rb3 {[%clk 0:12:24]}
48. Nd1 {[%clk 0:03:49]} Rd3+ {[%clk 0:10:50]} 49. Kc1 {[%clk 0:04:05]} Nb3+
{[%clk 0:10:02]} 50. Kc2 {[%clk 0:04:29]} Nd4+ {[%clk 0:07:06]} 51. Kc1 {[%clk
0:04:53]} c3 {[%clk 0:07:31]} 52. Nxc3 {[%clk 0:03:10]} Rxc3+ {[%clk 0:07:57]}
53. Kd1 {[%clk 0:02:41]} Rxg3 {[%clk 0:08:15]} 54. g5 {[%clk 0:02:24]} Rh3
{[%clk 0:08:05]} 55. Rh6 {[%clk 0:02:49]} Rh1+ {[%clk 0:08:31]} 56. Kd2 {[%clk
0:02:54]} Rxh4 {[%clk 0:08:48]} 57. Rxh4 {[%clk 0:02:51]} Nf3+ {[%clk 0:09:14]}
58. Kd3 {[%clk 0:03:17]} Nxh4 {[%clk 0:09:40]} 59. Kc4 {[%clk 0:03:43]} Nf3
{[%clk 0:09:50]} 0-1

[Event "Deutsche Ländermeisterschaft 2021"]
[Site "Neumünster GER"]
[Date "2021.10.03"]
[Round "3"]
[White "Kolb, Tobias"]
[Black "Hommer, Jeremy"]
[Result "1/2-1/2"]
[Termination "normal"]
[Board "1.2"]
[WhiteTitle "FM"]
[WhiteElo "2311"]
[BlackElo "2278"]
[WhiteClock "00:04:33"]
[BlackClock "00:24:48"]
[WhiteTeam "Bayern"]
[BlackTeam "Niedersachsen"]
[PlyCount "50"]
[WhiteFideId "12992321"]
[BlackFideId "12992577"]
[EventCountry "GER"]
[EventRounds "7"]
[EventType "team-swiss"]
[EventDate "2021.10.01"]

1. d4 {[%clk 1:30:58]} Nf6 {[%clk 1:30:34]} 2. c4 {[%clk 1:31:24]} e6 {[%clk
1:30:49]} 3. Nf3 {[%clk 1:31:51]} d5 {[%clk 1:27:10]} 4. Nc3 {[%clk 1:27:19]}
Be7 {[%clk 1:27:09]} 5. g3 {[%clk 1:25:12]} O-O {[%clk 1:27:24]} 6. Bg2 {[%clk
1:25:34]} dxc4 {[%clk 1:27:24]} 7. Ne5 {[%clk 1:23:56]} Nc6 {[%clk 1:26:36]} 8.
Nxc6 {[%clk 1:20:44]} bxc6 {[%clk 1:26:23]} 9. O-O {[%clk 0:41:04]} Rb8 {[%clk
1:26:35]} 10. e4 {[%clk 0:31:52]} Ba6 {[%clk 1:17:47]} 11. e5 {[%clk 0:30:10]}
Nd5 {[%clk 1:16:44]} 12. Qg4 {[%clk 0:30:26]} Kh8 {[%clk 1:13:27]} 13. h4
{[%clk 0:26:51]} Nb4 {[%clk 1:09:34]} 14. Rd1 {[%clk 0:25:22]} Nd3 {[%clk
1:08:09]} 15. Bxc6 {[%clk 0:23:18]} f5 {[%clk 0:56:38]} 16. exf6 {[%clk
0:23:25]} Rxf6 {[%clk 0:57:02]} 17. Ne4 {[%clk 0:21:12]} Rf5 {[%clk 0:47:54]}
18. Be3 {[%clk 0:14:11]} Rxb2 {[%clk 0:48:01]} 19. Rab1 {[%clk 0:14:07]} c3
{[%clk 0:37:33]} 20. Nxc3 {[%clk 0:13:57]} Nxf2 {[%clk 0:37:42]} 21. Bxf2
{[%clk 0:14:17]} Rfxf2 {[%clk 0:32:20]} 22. Rxb2 {[%clk 0:10:14]} Rxb2 {[%clk
0:32:49]} 23. Qxe6 {[%clk 0:05:57]} Qd6 {[%clk 0:27:15]} 24. Qxd6 {[%clk
0:06:00]} Bxd6 {[%clk 0:27:40]} 25. Ne4 {[%clk 0:04:33]} Bb7 {[%clk 0:24:48]}
1/2-1/2

[Event "Deutsche Ländermeisterschaft 2021"]
[Site "Neumünster GER"]
[Date "2021.10.03"]
[Round "3"]
[White "Pubantz, Jan"]
[Black "Weller, Uli"]
[Result "1/2-1/2"]
[Termination "normal"]
[Board "1.3"]
[WhiteElo "2274"]
[BlackElo "2188"]
[WhiteClock "00:08:02"]
[BlackClock "00:10:40"]
[WhiteTeam "Niedersachsen"]
[BlackTeam "Bayern"]
[PlyCount "52"]
[WhiteFideId "12996114"]
[BlackFideId "12971782"]
[EventCountry "GER"]
[EventRounds "7"]
[EventType "team-swiss"]
[EventDate "2021.10.01"]

1. d4 {[%clk 1:30:57]} Nf6 {[%clk 1:30:50]} 2. c4 {[%clk 1:31:22]} e6 {[%clk
1:31:13]} 3. g3 {[%clk 1:31:43]} d5 {[%clk 1:30:25]} 4. Bg2 {[%clk 1:31:30]}
Be7 {[%clk 1:26:43]} 5. Nf3 {[%clk 1:31:33]} O-O {[%clk 1:26:11]} 6. Nc3 {[%clk
1:26:36]} Nbd7 {[%clk 1:10:54]} 7. O-O {[%clk 1:11:58]} dxc4 {[%clk 1:09:44]}
8. e4 {[%clk 1:10:02]} c5 {[%clk 1:03:17]} 9. dxc5 {[%clk 1:01:24]} Nxc5 {[%clk
1:02:55]} 10. Ne5 {[%clk 1:00:29]} Bd7 {[%clk 0:52:50]} 11. Qe2 {[%clk
0:58:27]} b5 {[%clk 0:48:36]} 12. Rd1 {[%clk 0:56:27]} Qb6 {[%clk 0:39:21]} 13.
Be3 {[%clk 0:55:07]} Rfd8 {[%clk 0:38:06]} 14. b4 {[%clk 0:46:05]} cxb3 {[%clk
0:37:47]} 15. axb3 {[%clk 0:45:47]} a5 {[%clk 0:29:15]} 16. Nxd7 {[%clk
0:39:38]} Nfxd7 17. Nxb5 {[%clk 0:36:55]} Rab8 {[%clk 0:28:30]} 18. Nd4 {[%clk
0:33:54]} e5 {[%clk 0:21:00]} 19. Nf5 {[%clk 0:28:07]} Bf8 {[%clk 0:20:45]} 20.
Bg5 {[%clk 0:16:51]} Nf6 {[%clk 0:16:16]} 21. Bxf6 {[%clk 0:15:17]} Qxf6 {[%clk
0:15:40]} 22. Rxa5 {[%clk 0:13:42]} Nxb3 {[%clk 0:14:47]} 23. Rxd8 {[%clk
0:12:50]} Rxd8 {[%clk 0:13:04]} 24. Ra6 {[%clk 0:12:30]} Qg5 {[%clk 0:13:12]}
25. Qc2 {[%clk 0:08:33]} Nd4 {[%clk 0:10:51]} 26. Nxd4 {[%clk 0:08:02]} exd4
{[%clk 0:10:40]} 1/2-1/2

[Event "Deutsche Ländermeisterschaft 2021"]
[Site "Neumünster GER"]
[Date "2021.10.03"]
[Round "3"]
[White "Nizamova, Rita"]
[Black "Arnhold, Steffi"]
[Result "0-1"]
[Termination "normal"]
[Board "1.5"]
[WhiteElo "1715"]
[BlackElo "2094"]
[WhiteClock "00:12:26"]
[BlackClock "00:13:03"]
[WhiteTeam "Niedersachsen"]
[BlackTeam "Bayern"]
[PlyCount "102"]
[WhiteFideId "16221940"]
[BlackFideId "12931365"]
[EventCountry "GER"]
[EventRounds "7"]
[EventType "team-swiss"]
[EventDate "2021.10.01"]

1. e4 {[%clk 1:30:59]} c5 {[%clk 1:30:51]} 2. Nf3 {[%clk 1:31:24]} e6 {[%clk
1:31:11]} 3. d4 {[%clk 1:31:50]} cxd4 {[%clk 1:31:36]} 4. Nxd4 {[%clk 1:32:15]}
a6 {[%clk 1:32:02]} 5. c4 {[%clk 1:32:39]} Qc7 {[%clk 1:32:18]} 6. Nc3 {[%clk
1:32:47]} Nf6 {[%clk 1:32:29]} 7. Be2 {[%clk 1:32:50]} Be7 {[%clk 1:32:13]} 8.
O-O {[%clk 1:33:04]} d6 {[%clk 1:32:26]} 9. Be3 {[%clk 1:31:23]} Nbd7 {[%clk
1:32:37]} 10. f4 {[%clk 1:30:56]} b6 {[%clk 1:31:10]} 11. b3 {[%clk 1:26:44]}
Bb7 {[%clk 1:30:27]} 12. Bf3 {[%clk 1:26:37]} b5 {[%clk 1:24:32]} 13. e5 {[%clk
1:21:59]} dxe5 {[%clk 1:23:20]} 14. fxe5 {[%clk 1:22:13]} Nxe5 {[%clk 1:12:34]}
15. Bxb7 {[%clk 1:22:27]} Qxb7 {[%clk 1:12:59]} 16. cxb5 {[%clk 1:22:45]} axb5
{[%clk 1:12:01]} 17. Ndxb5 {[%clk 1:21:33]} O-O {[%clk 1:10:54]} 18. Qe2 {[%clk
1:19:02]} Neg4 {[%clk 1:02:53]} 19. Bd4 {[%clk 1:16:33]} Qb8 {[%clk 1:02:22]}
20. g3 {[%clk 1:16:04]} e5 {[%clk 1:02:23]} 21. Be3 {[%clk 1:10:40]} Nxe3
{[%clk 1:02:14]} 22. Qxe3 {[%clk 1:10:53]} Ng4 {[%clk 1:01:14]} 23. Qe2 {[%clk
1:08:45]} Nf6 {[%clk 0:48:12]} 24. a4 {[%clk 1:03:56]} Qb6+ {[%clk 0:45:25]}
25. Kh1 {[%clk 1:02:32]} Rfd8 {[%clk 0:37:44]} 26. Qf3 {[%clk 0:56:35]} Bc5
{[%clk 0:26:59]} 27. Ne4 {[%clk 0:42:04]} Nxe4 {[%clk 0:25:51]} 28. Qxe4 {[%clk
0:42:32]} Bd4 {[%clk 0:21:44]} 29. Rac1 {[%clk 0:42:16]} Rac8 {[%clk 0:18:24]}
30. Qf3 {[%clk 0:37:19]} Qe6 {[%clk 0:16:45]} 31. Rc7 {[%clk 0:14:32]} Rxc7
{[%clk 0:15:01]} 32. Nxc7 {[%clk 0:14:58]} Qd7 {[%clk 0:15:03]} 33. Nb5 {[%clk
0:14:28]} h6 {[%clk 0:14:38]} 34. Qe4 {[%clk 0:09:43]} Qe6 {[%clk 0:12:48]} 35.
Nxd4 {[%clk 0:05:29]} Rxd4 {[%clk 0:12:16]} 36. Qa8+ {[%clk 0:05:53]} Kh7
{[%clk 0:12:38]} 37. Qb7 {[%clk 0:06:18]} Rd7 {[%clk 0:08:13]} 38. Qe4+ {[%clk
0:06:09]} g6 {[%clk 0:08:34]} 39. b4 {[%clk 0:04:35]} Rd2 {[%clk 0:07:47]} 40.
Qf3 {[%clk 0:03:12]} Kg7 {[%clk 0:07:16]} 41. a5 {[%clk 0:29:43]} Qa2 {[%clk
0:29:31]} 42. Kg1 {[%clk 0:29:44]} Rb2 {[%clk 0:27:07]} 43. Qb7 {[%clk
0:27:11]} Re2 {[%clk 0:23:17]} 44. Qf3 {[%clk 0:25:46]} e4 {[%clk 0:22:06]} 45.
Qf6+ {[%clk 0:21:12]} Kg8 {[%clk 0:22:21]} 46. Rf2 {[%clk 0:15:54]} e3 {[%clk
0:11:49]} 47. Rxe2 {[%clk 0:13:39]} Qxe2 {[%clk 0:12:13]} 48. Qf1 {[%clk
0:13:00]} Qd2 {[%clk 0:12:17]} 49. Qb5 {[%clk 0:11:36]} Qf2+ {[%clk 0:12:19]}
50. Kh1 {[%clk 0:12:05]} e2 {[%clk 0:12:43]} 51. Qe8+ {[%clk 0:12:26]} Kh7
{[%clk 0:13:03]} 0-1

[Event "Deutsche Ländermeisterschaft 2021"]
[Site "Neumünster GER"]
[Date "2021.10.03"]
[Round "3"]
[White "Albert, Markus"]
[Black "Sauer, Tim"]
[Result "0-1"]
[Termination "normal"]
[Board "1.6"]
[WhiteElo "1938"]
[BlackElo "1703"]
[WhiteClock "00:09:26"]
[BlackClock "00:03:21"]
[WhiteTeam "Bayern"]
[BlackTeam "Niedersachsen"]
[PlyCount "80"]
[WhiteFideId "16292626"]
[BlackFideId "16265726"]
[EventCountry "GER"]
[EventRounds "7"]
[EventType "team-swiss"]
[EventDate "2021.10.01"]

1. e4 {[%clk 1:30:56]} c6 {[%clk 1:30:57]} 2. d4 {[%clk 1:31:21]} d5 {[%clk
1:31:23]} 3. f3 {[%clk 1:31:47]} e6 {[%clk 1:31:29]} 4. Nc3 {[%clk 1:32:10]}
Bd6 {[%clk 1:31:48]} 5. Be3 {[%clk 1:31:53]} Nd7 {[%clk 1:31:37]} 6. Bd3 {[%clk
1:31:48]} Qc7 {[%clk 1:25:46]} 7. Nge2 {[%clk 1:28:23]} Ne7 {[%clk 1:24:59]} 8.
Qd2 {[%clk 1:25:16]} b5 {[%clk 1:19:38]} 9. a4 {[%clk 1:22:05]} b4 {[%clk
1:19:18]} 10. Nd1 {[%clk 1:22:04]} e5 {[%clk 1:13:13]} 11. c3 {[%clk 1:16:47]}
c5 {[%clk 1:06:40]} 12. Nf2 {[%clk 1:11:11]} f5 {[%clk 0:48:52]} 13. exf5
{[%clk 0:50:42]} exd4 {[%clk 0:47:55]} 14. cxd4 {[%clk 0:49:16]} c4 {[%clk
0:48:04]} 15. Bc2 {[%clk 0:48:15]} a5 {[%clk 0:47:48]} 16. Nf4 {[%clk 0:47:10]}
Nb6 {[%clk 0:34:46]} 17. f6 {[%clk 0:37:14]} gxf6 {[%clk 0:31:19]} 18. Nh5
{[%clk 0:36:50]} b3 {[%clk 0:27:16]} 19. O-O {[%clk 0:31:15]} bxc2 {[%clk
0:27:09]} 20. Ng4 {[%clk 0:31:10]} f5 {[%clk 0:24:32]} 21. Bg5 {[%clk 0:19:19]}
fxg4 {[%clk 0:06:49]} 22. Nf6+ {[%clk 0:19:10]} Kd8 {[%clk 0:07:07]} 23. fxg4
{[%clk 0:17:37]} Be6 {[%clk 0:05:24]} 24. Rae1 {[%clk 0:17:09]} Bf7 {[%clk
0:05:26]} 25. Qxc2 {[%clk 0:14:50]} Kc8 {[%clk 0:05:29]} 26. Qe2 {[%clk
0:14:17]} Kb7 {[%clk 0:05:08]} 27. Nd7 {[%clk 0:12:49]} Qxd7 {[%clk 0:04:38]}
28. Rxf7 {[%clk 0:13:10]} Nbc8 {[%clk 0:04:59]} 29. b3 {[%clk 0:12:49]} cxb3
{[%clk 0:04:06]} 30. Qf3 {[%clk 0:12:11]} Bb4 {[%clk 0:03:52]} 31. Qxb3 {[%clk
0:12:01]} Ka7 {[%clk 0:03:46]} 32. Re5 {[%clk 0:11:10]} Rd8 {[%clk 0:04:03]}
33. Rxh7 {[%clk 0:10:43]} Rb8 {[%clk 0:04:05]} 34. Qe3 {[%clk 0:10:54]} Rb7
{[%clk 0:04:15]} 35. h4 {[%clk 0:11:01]} Qxa4 {[%clk 0:03:38]} 36. Re6 {[%clk
0:09:26]} Qd1+ {[%clk 0:03:46]} 37. Kh2 {[%clk 0:09:46]} Qxg4 {[%clk 0:03:40]}
38. Qd3 {[%clk 0:09:37]} Qxe6 {[%clk 0:04:00]} 39. Rh6 {[%clk 0:09:56]} Qd7
{[%clk 0:03:15]} 40. Qa6+ {[%clk 0:09:26]} Kb8 {[%clk 0:03:21]} 0-1

[Event "Deutsche Ländermeisterschaft 2021"]
[Site "Neumünster GER"]
[Date "2021.10.03"]
[Round "3"]
[White "Zöllner, Bente"]
[Black "Huber, Benedikt"]
[Result "1/2-1/2"]
[Termination "normal"]
[Board "1.7"]
[WhiteElo "1596"]
[BlackElo "1722"]
[WhiteClock "00:07:37"]
[BlackClock "00:14:32"]
[WhiteTeam "Niedersachsen"]
[BlackTeam "Bayern"]
[PlyCount "53"]
[WhiteFideId "16230523"]
[BlackFideId "16281225"]
[EventCountry "GER"]
[EventRounds "7"]
[EventType "team-swiss"]
[EventDate "2021.10.01"]

1. d4 {[%clk 1:30:58]} d5 {[%clk 1:30:56]} 2. c4 {[%clk 1:31:19]} e6 {[%clk
1:31:23]} 3. Nc3 {[%clk 1:30:43]} Nf6 {[%clk 1:31:48]} 4. Nf3 {[%clk 1:28:34]}
c6 {[%clk 1:30:08]} 5. Bg5 {[%clk 1:26:56]} h6 {[%clk 1:24:43]} 6. Bh4 {[%clk
1:26:41]} dxc4 {[%clk 1:22:20]} 7. a4 {[%clk 1:21:23]} Bb4 {[%clk 1:15:10]} 8.
e3 {[%clk 1:16:15]} Qa5 {[%clk 1:11:23]} 9. Bxf6 {[%clk 1:06:49]} Bxc3+ {[%clk
1:10:06]} 10. bxc3 {[%clk 1:07:05]} Qxc3+ {[%clk 1:10:30]} 11. Nd2 {[%clk
1:07:11]} gxf6 {[%clk 1:07:49]} 12. Bxc4 {[%clk 1:05:53]} O-O {[%clk 0:59:53]}
13. O-O {[%clk 1:04:08]} Qb4 {[%clk 0:55:29]} 14. Bd3 {[%clk 0:57:02]} f5
{[%clk 0:45:06]} 15. Nc4 {[%clk 0:51:23]} Nd7 {[%clk 0:42:42]} 16. Qh5 {[%clk
0:45:38]} Kg7 {[%clk 0:36:26]} 17. Qh4 {[%clk 0:43:17]} Rg8 {[%clk 0:34:12]}
18. Kh1 {[%clk 0:41:11]} a6 {[%clk 0:30:33]} 19. Qg3+ {[%clk 0:35:46]} Kh7
{[%clk 0:30:31]} 20. Qd6 {[%clk 0:26:07]} Qxd6 {[%clk 0:25:52]} 21. Nxd6 {[%clk
0:26:23]} Kg7 {[%clk 0:23:42]} 22. Rfb1 {[%clk 0:23:21]} b6 {[%clk 0:21:00]}
23. e4 {[%clk 0:16:41]} f4 {[%clk 0:16:54]} 24. Nc4 {[%clk 0:13:31]} Rb8 {[%clk
0:14:34]} 25. Nd6 {[%clk 0:10:28]} Ra8 {[%clk 0:14:18]} 26. Nc4 {[%clk
0:08:56]} Rb8 {[%clk 0:14:32]} 27. Nd6 {[%clk 0:07:37]} 1/2-1/2

[Event "Deutsche Ländermeisterschaft 2021"]
[Site "Neumünster GER"]
[Date "2021.10.03"]
[Round "3"]
[White "Bauer, Laura Sophie"]
[Black "Oellrich, Emma"]
[Result "0-1"]
[Termination "normal"]
[Board "1.8"]
[WhiteElo "1357"]
[BlackElo "1487"]
[WhiteClock "00:18:32"]
[BlackClock "01:06:18"]
[WhiteTeam "Bayern"]
[BlackTeam "Niedersachsen"]
[PlyCount "62"]
[WhiteFideId "16253647"]
[BlackFideId "16268806"]
[EventCountry "GER"]
[EventRounds "7"]
[EventType "team-swiss"]
[EventDate "2021.10.01"]

1. e4 {[%clk 1:30:57]} e6 {[%clk 1:30:54]} 2. d4 {[%clk 1:31:22]} d5 {[%clk
1:31:19]} 3. Nd2 {[%clk 1:31:47]} c5 {[%clk 1:31:43]} 4. Ngf3 {[%clk 1:32:12]}
cxd4 {[%clk 1:31:59]} 5. exd5 {[%clk 1:31:33]} Qxd5 {[%clk 1:31:53]} 6. Bc4
{[%clk 1:31:44]} Qd6 {[%clk 1:32:18]} 7. O-O {[%clk 1:31:37]} Nf6 {[%clk
1:32:33]} 8. Nb3 {[%clk 1:31:36]} Nc6 {[%clk 1:32:54]} 9. Nbxd4 {[%clk
1:31:17]} Nxd4 {[%clk 1:33:08]} 10. Nxd4 {[%clk 1:29:17]} a6 {[%clk 1:33:29]}
11. Bg5 {[%clk 1:26:27]} Be7 {[%clk 1:33:54]} 12. Nf3 {[%clk 1:21:24]} Qc7
{[%clk 1:30:54]} 13. Bb3 {[%clk 1:19:28]} O-O {[%clk 1:30:42]} 14. Qd4 {[%clk
1:14:22]} Rd8 {[%clk 1:30:11]} 15. Qh4 {[%clk 1:01:32]} h6 {[%clk 1:26:45]} 16.
Bf4 {[%clk 1:01:02]} Bd6 {[%clk 1:24:59]} 17. Bxd6 {[%clk 1:00:47]} Rxd6 {[%clk
1:25:10]} 18. Rad1 {[%clk 0:58:09]} Rd7 {[%clk 1:25:19]} 19. c3 {[%clk
0:57:46]} b5 {[%clk 1:24:53]} 20. Bc2 {[%clk 0:54:58]} Bb7 {[%clk 1:24:03]} 21.
Rxd7 {[%clk 0:53:32]} Nxd7 {[%clk 1:23:52]} 22. Nd4 {[%clk 0:44:25]} Ne5 {[%clk
1:21:21]} 23. Qg3 {[%clk 0:38:51]} Rc8 {[%clk 1:20:41]} 24. Re1 {[%clk
0:35:51]} Nc4 {[%clk 1:17:49]} 25. Qd3 {[%clk 0:34:58]} g6 {[%clk 1:14:05]} 26.
Rxe6 {[%clk 0:25:18]} Ne5 {[%clk 1:11:49]} 27. Qg3 {[%clk 0:24:21]} fxe6 {[%clk
1:09:52]} 28. Bxg6 {[%clk 0:22:50]} Qg7 {[%clk 1:06:48]} 29. Bc2 {[%clk
0:18:00]} Qxg3 {[%clk 1:07:02]} 30. hxg3 {[%clk 0:18:19]} b4 {[%clk 1:06:27]}
31. cxb4 {[%clk 0:18:32]} Rc4 {[%clk 1:06:18]} 0-1

[Event "Deutsche Ländermeisterschaft 2021"]
[Site "Neumünster GER"]
[Date "2021.10.03"]
[Round "3"]
[White "Krastev, Alexander"]
[Black "Nguyen, Alex Dac-Vuong"]
[Result "1-0"]
[Termination "normal"]
[Board "2.1"]
[WhiteTitle "FM"]
[BlackTitle "FM"]
[WhiteElo "2393"]
[BlackElo "2286"]
[WhiteClock "00:10:33"]
[BlackClock "00:05:03"]
[WhiteTeam "Nordrhein-Westfalen"]
[BlackTeam "Sachsen"]
[PlyCount "101"]
[WhiteFideId "12989983"]
[BlackFideId "12984388"]
[EventCountry "GER"]
[EventRounds "7"]
[EventType "team-swiss"]
[EventDate "2021.10.01"]

1. e4 {[%clk 1:30:57]} c6 {[%clk 1:30:56]} 2. d3 {[%clk 1:30:39]} d5 {[%clk
1:31:20]} 3. Nf3 {[%clk 1:30:58]} dxe4 {[%clk 1:31:45]} 4. dxe4 {[%clk
1:31:23]} Qxd1+ {[%clk 1:32:08]} 5. Kxd1 {[%clk 1:31:49]} g6 {[%clk 1:32:33]}
6. a4 {[%clk 1:29:27]} Bg7 {[%clk 1:30:13]} 7. Nc3 {[%clk 1:28:53]} Nd7 {[%clk
1:13:41]} 8. Bc4 {[%clk 1:09:45]} Ngf6 {[%clk 0:39:50]} 9. Ke2 {[%clk 1:02:58]}
Ng4 {[%clk 0:38:49]} 10. h3 {[%clk 0:49:56]} Nge5 {[%clk 0:37:26]} 11. Nxe5
{[%clk 0:50:15]} Bxe5 {[%clk 0:36:11]} 12. a5 {[%clk 0:45:44]} Nc5 {[%clk
0:35:49]} 13. Bd3 {[%clk 0:43:23]} O-O {[%clk 0:32:09]} 14. Be3 {[%clk
0:41:10]} Ne6 {[%clk 0:23:32]} 15. Rhd1 {[%clk 0:40:40]} Rd8 {[%clk 0:18:57]}
16. Na4 {[%clk 0:38:16]} Nf4+ {[%clk 0:17:00]} 17. Kf3 {[%clk 0:35:13]} g5
{[%clk 0:13:36]} 18. Bf1 {[%clk 0:26:59]} Rf8 {[%clk 0:10:06]} 19. Nc5 {[%clk
0:22:54]} Bd6 {[%clk 0:09:00]} 20. Nd3 {[%clk 0:15:34]} Nxd3 {[%clk 0:05:01]}
21. Bxd3 {[%clk 0:15:57]} f5 {[%clk 0:05:18]} 22. exf5 {[%clk 0:14:47]} Bxf5
{[%clk 0:05:41]} 23. Ke2 {[%clk 0:15:13]} h6 {[%clk 0:04:23]} 24. Ra4 {[%clk
0:15:12]} Kg7 {[%clk 0:04:23]} 25. h4 {[%clk 0:10:52]} Kg6 {[%clk 0:03:38]} 26.
hxg5 {[%clk 0:10:56]} hxg5 {[%clk 0:03:38]} 27. g4 {[%clk 0:11:17]} Bxd3+
{[%clk 0:04:00]} 28. Rxd3 {[%clk 0:11:45]} b5 {[%clk 0:03:10]} 29. axb6 {[%clk
0:11:18]} axb6 {[%clk 0:03:39]} 30. Rxa8 {[%clk 0:10:53]} Rxa8 {[%clk 0:04:07]}
31. Bxb6 {[%clk 0:11:04]} Ra4 {[%clk 0:02:45]} 32. f3 {[%clk 0:10:32]} Be5
{[%clk 0:00:59]} 33. b3 {[%clk 0:08:51]} Ra2 {[%clk 0:01:07]} 34. Kd2 {[%clk
0:09:12]} Ra1 {[%clk 0:00:52]} 35. Bd4 {[%clk 0:09:03]} Bf4+ {[%clk 0:01:16]}
36. Kc3 {[%clk 0:09:26]} Re1 {[%clk 0:01:12]} 37. Kc4 {[%clk 0:08:12]} e5
{[%clk 0:00:41]} 38. Bc3 {[%clk 0:04:36]} Re2 {[%clk 0:01:06]} 39. Rd6+ {[%clk
0:05:02]} Kf7 {[%clk 0:01:18]} 40. Rxc6 {[%clk 0:05:15]} Rxc2 {[%clk 0:01:00]}
41. Kd3 {[%clk 0:26:44]} Rf2 {[%clk 0:23:22]} 42. Ke4 {[%clk 0:27:02]} Ke8
{[%clk 0:21:06]} 43. Bb4 {[%clk 0:12:34]} Rb2 {[%clk 0:16:20]} 44. Rc8+ {[%clk
0:12:12]} Kd7 {[%clk 0:12:09]} 45. Rc3 {[%clk 0:12:24]} Ke6 {[%clk 0:12:32]}
46. Rc6+ {[%clk 0:12:38]} Kf7 {[%clk 0:12:14]} 47. Kf5 {[%clk 0:11:48]} e4
{[%clk 0:12:11]} 48. fxe4 {[%clk 0:12:01]} Rxb3 {[%clk 0:12:33]} 49. Bc3 {[%clk
0:11:41]} Rb7 {[%clk 0:08:10]} 50. Bf6 {[%clk 0:10:33]} Kf8 {[%clk 0:05:03]}
51. e5 1-0